Datum a čas kvízu
16
Celkem bodů
Celkový počet nahraných bodů na tomto kvízu bez doplňovacích otázek.
1.
Pořadí na kvízu
Konečné umístění týmu na tomto kvízu.
Zaznamenané odpovědi
| # | Otázka | Odpověď | Body | Výsledky |
|---|---|---|---|---|
| 1. | Manželka známého zločince se s... | 0 | ||
| 2. | Jihokorejec Kim Čong-jang byl... | 0 | ||
| 3. | Tři ženy v galerii mezinárodní... | 0 | ||
| 4. | Řada čínských e-shopů stáhla z... | 0 | ||
| 5. | Slovenský záložník se během zá... | 1 | ||
| 6. | Nedávno jsme zde probírali tém... | 0 | ||
| 5. | Která z těchto částí trávicí s... | 0 | ||
| 5. | Špatné fungování tohoto orgánu... | 0 | ||
| 5. | Ze školních lavic víme, že ját... | 0 | ||
| 5. | Jak se česky nazývá céva, ozna... | 0 |